000 00180 a2200097 4500
020 _a9780822529842
041 _aspa
100 _aSally M. Walker
245 _aTrabajo
942 _cBK
999 _c15877
_d15877